| 000 | 00652nam a2200241Ia 4500 | ||
|---|---|---|---|
| 003 | 0100 | ||
| 005 | 20161220114052.0 | ||
| 008 | 130303s9999 xx 000 0 und d | ||
| 020 | _a0385144245 | ||
| 040 | _cARRUPELIB | ||
| 050 | _aREF. BS192.2A11964.G3 1985 | ||
| 100 |
_aMoore, Carey A _928103 |
||
| 245 | _aJudith | ||
| 245 | _ba new translation with introduction and commentary | ||
| 250 | _a1st ed. | ||
| 260 | _aNew york | ||
| 260 | _bDoubleday &Co. | ||
| 300 | _axv | ||
| 300 | _b 287p. 25cm. | ||
| 440 |
_aThe anchor bible series ; v. 40 _928130 |
||
| 650 |
_aBible O.T. _xJudith _xCommentaries _928131 |
||
| 942 |
_2lcc _cMONOGRAPH |
||
| 999 |
_c23427 _d23427 |
||